Oliver Heldens Charting Songs (Billboard Hot Dance) - Statistics

General Stats
  • This quiz has been taken 18 times
    5 since last reset
  • The average score is 5 of 8
Answer Stats
Album Weeks On Peak Artist(s) Song % Correct
Non-Album Single 20 Weeks #11 Riton x Oliver Heldens ft. Vula Turn Me On
100%
Non-Album Single 11 Weeks #18 Oliver Heldens ft. Shungudzo Fire In My Soul
80%
Get to Know 16 Weeks #33 Oliver Heldens x Becky Hill Gecko (overdrive)
80%
Non-Album Single 15 Weeks #22 Tiesto + Oliver Heldens ft. Natalie La Rose The Right Song
80%
Non-Album Single 2 Weeks #50 Oliver Heldens ft. Boy Matthews Details
60%
Non-Album Single 5 Weeks #42 Oliver Heldens ft. Nile Rodgers & House Gospel Choir I Was Made For Lovin' You
40%
Non-Album Single 1 Week #47 Oliver Heldens, Tchami & Anabel Englund Low
40%
Non-Album Single 3 Weeks #40 Oliver Heldens & Party Pupils ft. MAX Set Me Free
40%
No matching quizzes found
Score Distribution
Percent of People with Each Score
Percentile by Number Answered
Your Score History
You have not taken this quiz since the last reset